000 00961naa a22002777u 4500
001 07054
003 HDC
007 cr bn ---aaaaa
008 210126s2004 ilu eng
040 _aHDC
100 _aRatledge, Colin,
_eauthor
_97545
245 0 _aNutritionally Enhanced Edible Oil and Oilseed Processing :
_bEnzymes as Processing Aids /
_cbyColin Ratledge, Hugo Streekstra and Zvi Cohen
260 _aChampaign, Illinois :
_bAOCS Press,
_c2004
300 _a19 pages
336 _atext
_2rdacontent
337 _acomputer
_2rdamedia
338 _aonline resource
_2rdacarrier
500 _aOriginal from book
650 _aFats
_97036
650 _aOils and fats, Edible
_96618
650 _aOils
_97035
856 _zRequest full-text at [email protected]
942 _2lcc
942 _cCHAP
942 _kEBCH 000450
999 _c4378
_d4378